[Event "MI 2nd Shipman mem TNM: 1800+"]
[Site "San Francisco"]
[Date "2022.01.11"]
[Round "2.1"]
[White "Winslow, Elliott"]
[Black "Clemens, Kristian"]
[Result "1-0"]
[WhiteElo "2251"]
[BlackElo "1934"]
[PlyCount "71"]
[EventDate "2022.??.??"]

1. d4 d5 2. c4 e6 3. Nc3 Be7 4. Nf3 Nf6 5. Bf4 c6 6. e3 Nbd7 7. h3 O-O 8. Qc2 {
Winslow-Clemens, TNM 11.2019 reached the same position only with the bishop on
g5.} dxc4 {Not waiting for a bishop move, but it was played once by Vaganian.}
(8... b6 {was Karpov's choice against Dreev:} 9. cxd5 cxd5 10. Bd3 Bb7 11. O-O
a6 12. a4 h6 13. Rfc1 Nb8 14. Ne5 Nfd7 15. Nxd7 Qxd7 16. Qb3 Qd8 17. a5 b5 18.
Na4 Nc6 19. Nc5 Bxc5 20. Rxc5 Nxa5 {Black has a pawn; White has a solid
advantage; the pawn won out: 0-1 (64) Dreev,A (2607)-Karpov,A (2670) Moscow
2007}) 9. Bxc4 b5 (9... Nb6 10. Be2 Nbd5 11. Bh2 Nxc3 12. bxc3 b6 13. O-O Bb7
14. a4 c5 15. Qb2 cxd4 16. cxd4 Qd5 {0-1 (46) Tunik,G (2469)-Vaganian,R (2662)
Moscow 2002}) 10. Bd3 {Not an easy choice, but the most played.} Bb7 11. O-O {
Not aggressive enough.} ({Here's a more convincing game, if only by White's
rating:} 11. e4 b4 12. Na4 h6 13. O-O Rc8 14. Qe2 c5 15. e5 Nh7 16. Rad1 Qa5
17. b3 Rfd8 18. Rfe1 Nhf8 19. Bg3 a6 20. Nd2 cxd4 21. Nc4 Qc7 22. Qg4 Nc5 23.
Nxc5 Qxc5 24. Bf4 Kh8 25. Rc1 Qd5 26. Kh2 Rc5 27. Nb6 Qc6 28. Na4 Rxc1 29. Rxc1
Qd5 30. Rc7 Nd7 31. Bc4 Nxe5 32. Bxd5 Nxg4+ 33. hxg4 Bxd5 34. Rxe7 d3 35. Nb2
Be4 36. Nc4 g5 37. Bd2 Bd5 38. Ne5 Kg8 39. Nxf7 Rc8 40. Nxh6+ {1-0 (40)
Fressinet,L (2676)-Senff,M (2468) Germany 2008}) 11... a6 {[#]} ({Nobody has
ventured} 11... b4) 12. Ng5 $5 (12. e4 {was rewarded with a miniature:} h6 13.
e5 Nd5 14. Nxd5 exd5 15. Bf5 c5 16. e6 fxe6 17. Bxe6+ Kh8 18. Bxd7 Qxd7 19. Ne5
{1-0 (19) Fridman,D (2661)-Mazarov,J (2164) Oberhausen 2011}) ({Stockfish 14.1
goes with the straightforward} 12. Rfd1) 12... h6 13. Nge4 Nxe4 $2 (13... c5 $1
14. dxc5 Nxc5 15. Nxc5 Bxc5 {and Black has all but equalized.}) 14. Nxe4 Nf6 $6
({For better or worse, Black has to try} 14... c5 15. Nd6 $1 $16) 15. Nc5 {[#]}
Bc8 $146 ({Predecessor:} 15... Bxc5 16. Qxc5 Qd5 17. Qxd5 Nxd5 18. Bg3 {
and White ground out a win: 1-0 (39) Saenz,C (2008)-Arias Arias,Y Coliseo
Menor 2011}) 16. a3 {White has a stranglehold on the queenside.} Nd5 17. Bh2
Bd6 18. Bxd6 Qxd6 19. Ne4 Qc7 20. Rac1 Bb7 21. Nc5 Rac8 22. Qd2 Rfd8 23. f4 Nf6
24. Bb1 Nd7 25. Qc2 Nxc5 26. Qh7+ Kf8 27. Rxc5 Rd5 28. Qh8+ Ke7 29. Qxg7 Rxc5
30. dxc5 b4 31. axb4 a5 32. f5 e5 33. f6+ Ke6 34. Ba2+ Kd7 35. Qxf7+ Kd8 36.
Rd1+ 1-0

[Event "MI 2nd Shipman mem TNM: 1800+"]
[Site "San Francisco"]
[Date "2022.01.11"]
[Round "2.2"]
[White "Riese, Kayven"]
[Black "Askin, David"]
[Result "1-0"]
[WhiteElo "1906"]
[BlackElo "2035"]
[PlyCount "113"]
[EventDate "2022.??.??"]

1. e4 c6 2. d4 d5 3. exd5 cxd5 4. c4 Nf6 5. Nc3 e6 6. Nf3 Bb4 7. Bd2 O-O 8. a3
{[#]} Be7 $6 9. c5 Ne4 (9... b6 $5) 10. Bd3 $14 Nxd2 (10... f5 $5) 11. Qxd2 b6
12. b4 bxc5 13. dxc5 {[#]} e5 $4 14. Nxd5 $1 $18 Bb7 15. Be4 $1 Nc6 16. Nxe7+
Qxe7 17. O-O f5 18. Bd5+ Kh8 19. Qa2 e4 20. Rfe1 a6 21. Rad1 Rad8 22. Bxc6 exf3
{[#]} 23. Bxb7 Qxb7 24. Rxd8 Rxd8 25. Qe6 h6 26. Qxf5 Qe7 27. Rc1 Rf8 28. Qg4
Qe2 29. Qc4 $2 {[#]} (29. c6 Qd2 30. Qc4 fxg2 31. Qc2 (31. Qc5)) 29... Rd8 $1
30. gxf3 $1 Qxf3 31. c6 $1 Rd5 $2 (31... Rd2 32. Qh4 Rd1+ 33. Rxd1 Qxd1+ 34.
Kg2 Qd5+ 35. f3 Qxc6 $16) 32. h4 $4 (32. c7 $1 Rg5+ 33. Kf1 Qh3+ 34. Ke2 Re5+
35. Kd2 $18) 32... Rd6 $4 (32... Rd2 $1 $11 33. Rf1 (33. Qc5 Qg4+ 34. Kf1 Qe4
35. Kg1 $11) 33... Rc2 $1 34. Qxc2 Qg4+ $11) 33. c7 $1 Rg6+ 34. Kf1 Qh3+ 35.
Ke2 Re6+ 36. Kd2 Rd6+ 37. Kc2 Qc8 38. Rd1 Qf5+ (38... Rxd1 39. Kxd1 h5 40. Kd2
Qd7+ 41. Kc1 Qc8 42. Qf7) 39. Kc1 Rxd1+ 40. Kxd1 Qc8 41. Kc2 Kh7 42. Qe4+ Kh8
43. Qe5 Kg8 44. Kb3 Kf7 45. Ka4 g5 46. hxg5 hxg5 47. Ka5 g4 48. Qf4+ Ke7 49.
Qg5+ Kf7 50. Qe5 Kg6 51. Kb6 Kf7 52. Qd5+ Kg6 53. Qd6+ Kf7 54. Ka7 Qf5 55. Kb8
Qb5+ 56. Ka7 Qc4 (56... Qf5 57. Qc6) 57. Qd7+ 1-0

[Event "MI 2nd Shipman mem TNM: 1800+"]
[Site "San Francisco"]
[Date "2022.01.11"]
[Round "2.3"]
[White "Mahooti, James J"]
[Black "Lewis, Edward"]
[Result "0-1"]
[WhiteElo "1867"]
[BlackElo "2017"]
[PlyCount "146"]
[EventDate "2022.??.??"]

1. d4 Nf6 2. c4 e6 3. g3 d5 4. Nf3 Be7 5. Bg2 O-O 6. O-O Nbd7 7. Qc2 c6 8. Nbd2
Re8 9. e4 dxe4 10. Nxe4 Nxe4 11. Qxe4 Bf6 12. Be3 Qa5 13. a3 Qf5 14. Qxf5 exf5
15. c5 Nf8 16. b4 Be6 17. a4 Bd5 18. b5 h6 19. h4 Rad8 20. Rfd1 Rd7 21. bxc6
bxc6 22. a5 Red8 23. a6 Ne6 24. Rab1 Nc7 25. Ne5 Bxe5 26. dxe5 Bxg2 27. Rxd7
Rxd7 28. Kxg2 Nxa6 29. Ra1 Nb4 30. Ra4 Nd5 31. Bd2 Ne7 32. Be3 Kf8 33. h5 Rb7
34. g4 fxg4 35. Rxg4 Nf5 36. Bf4 Ke7 37. Bh2 Ke6 38. Ra4 Kd5 39. Rf4 g6 40.
hxg6 fxg6 41. Ra4 g5 42. Kf3 h5 43. Ra5 Nd4+ 44. Kg2 Ne6 45. Bg1 Kxe5 46. Bh2+
Nf4+ 47. Bxf4+ Kxf4 48. Ra6 Rc7 49. Ra3 g4 50. f3 Rd7 51. Ra4+ Kg5 52. fxg4
hxg4 53. Ra6 Kf4 54. Rxc6 Rd2+ 55. Kf1 Kg3 56. Ra6 Rc2 57. c6 Kh2 58. Rxa7 Rc1+
59. Ke2 Rxc6 60. Rh7+ Kg2 61. Re7 g3 62. Re8 Rf6 63. Re7 Rf2+ 64. Ke1 Rf5 65.
Ke2 Kg1 66. Re3 g2 67. Re7 Rf2+ 68. Ke1 Rf4 69. Re6 Kh2 70. Rh6+ Kg3 71. Rg6+
Kf3 72. Kd2 Kf2 73. Re6 g1=Q 0-1

[Event "MI 2nd Shipman mem TNM: 1800+"]
[Site "San Francisco"]
[Date "2022.01.11"]
[Round "2.4"]
[White "Gray, William"]
[Black "Xu, Jayden"]
[Result "0-1"]
[WhiteElo "1971"]
[BlackElo "1765"]
[PlyCount "86"]
[EventDate "2022.??.??"]

1. Nf3 Nf6 2. d4 e6 3. Bg5 d5 4. Nbd2 c5 5. e3 Bd6 6. e4 Be7 7. e5 Nfd7 8. Bxe7
Qxe7 9. c3 Nc6 10. Bd3 cxd4 11. cxd4 O-O 12. O-O f6 13. exf6 Nxf6 14. Re1 Bd7
15. a3 Rac8 16. Rc1 Qd6 17. Rc3 Qf4 18. g3 Qh6 19. Bf1 Ng4 20. h3 Nf6 21. h4
Ng4 22. Bh3 e5 23. Qb3 Rcd8 24. dxe5 Ncxe5 25. Bxg4 Nxg4 26. Rd3 Bc6 27. Rd4
Qh5 28. Qd1 Qf5 29. Rf4 Qd7 30. Rd4 Rde8 31. Rxe8 Rxe8 32. Rf4 Ne5 33. Nxe5
Rxe5 34. Nf3 Re7 35. Rd4 Qf5 36. Rf4 Qh5 37. Qd4 Re2 38. Ng5 h6 39. Nf3 a6 40.
Qc5 Qg6 41. Nd4 Rxb2 42. Qe7 Rd2 43. Ne6 Re2 (43... Re2 44. Qd8+ $1 Be8 45.
Rf8+ Kh7 46. Qxe8) 0-1

[Event "MI 2nd Shipman mem TNM: 1800+"]
[Site "San Francisco"]
[Date "2022.01.11"]
[Round "2.5"]
[White "Walder, Michael"]
[Black "Bambou, Christophe"]
[Result "1-0"]
[WhiteElo "2085"]
[BlackElo "2106"]
[PlyCount "51"]
[EventDate "2022.??.??"]

1. e4 d5 2. exd5 Qxd5 3. Nc3 Qa5 4. d4 Nf6 5. Bd2 Bg4 6. f3 Bd7 7. f4 Qb6 {
[%csl Bb2,Bd4]} 8. Bc4 {[#] The position is equal.} Qxd4 ({Better is} 8... Nc6
$1 $17 9. Nge2 Nxd4 10. Nxd4 Qxd4) 9. Qe2 $14 {[#]} Qb6 $146 (9... Qc5 $14) ({
Predecessor:} 9... Bg4 10. Nf3 Bxf3 11. gxf3 Qd8 12. O-O-O c6 13. Rhe1 Nbd7 14.
f5 Qc7 15. h3 h6 {0-1 (51) Vlachynska,L (1224)-Gregurkova,N (1642) Kouty nad
Desnou 2020}) 10. O-O-O Bg4 11. Nf3 {And now Na4 would win.} c6 $2 {[#] This
move loses the game for Black.} (11... Nbd7 $16) 12. Bxf7+ $1 $18 {[%mdl 576]
Decoy} Kxf7 13. Ne5+ {[%mdl 64] Discovered Attack, Double Attack} Ke8 14. Nxg4
Nbd7 15. Rhe1 g6 16. Nxf6+ Nxf6 17. Qe5 Kf7 18. Qe6+ Kg7 19. Ne4 c5 20. Nxf6
Qxe6 21. Rxe6 exf6 22. Bc3 Rg8 23. Rd7+ Kh6 24. Bxf6 {Threatening mate with
Bg5+.} Bg7 {[#]} 25. Ree7 $1 Rad8 {[#]} (25... Kh5 26. h3) 26. Bxg7+ {Weighted
Error Value: White=0.27/Black=1.68} (26. g4 $142 $1 g5 27. fxg5+ Kg6 28. Rxg7+
Rxg7 29. Rxg7#) 1-0

[Event "MI 2nd Shipman mem TNM: 1800+"]
[Site "San Francisco"]
[Date "2022.01.11"]
[Round "2.8"]
[White "Argo, Guy"]
[Black "Widjaja, Luke"]
[Result "0-1"]
[WhiteElo "1856"]
[BlackElo "1792"]
[PlyCount "98"]
[EventDate "2022.??.??"]

1. e4 e5 2. Nc3 Nc6 3. f4 exf4 4. d4 Qh4+ 5. Ke2 d6 6. Nd5 Bg4+ 7. Nf3 O-O-O 8.
Bxf4 Nf6 9. Bg3 Qg5 10. Nxf6 Qxf6 11. c3 Re8 12. Kf2 {[#]} h5 13. h3 h4 14. Bh2
Bh5 15. Bd3 g5 16. Qa4 Bh6 17. d5 Bxf3 18. gxf3 Ne5 19. Bxe5 Qxe5 20. Qxa7 Qg3+
21. Ke2 Qg2+ 22. Qf2 Qxf2+ 23. Kxf2 Re5 {("½?")} 24. a4 f5 25. a5 g4 26. a6
g3+ 27. Kg2 bxa6 28. Rxa6 Kd7 29. b4 Rf8 30. Rf1 fxe4 31. Bxe4 Bd2 32. Ra3 Rf4
33. b5 Be3 34. c4 Bc5 35. Ra8 Ke7 36. Rh8 Bb6 37. Rg8 Bf2 38. Rg4 Rxg4 39. hxg4
Kf6 40. Rxf2 gxf2 41. Kxf2 Kg5 42. Ke3 Re8 43. Kf2 Ra8 44. Ke3 Ra2 45. Bf5 Ra3+
46. Ke4 h3 47. f4+ Kh4 48. Kd4 h2 49. Be4 Kxg4 0-1

[Event "MI 2nd Shipman mem TNM: 1800+"]
[Site "San Francisco"]
[Date "2022.01.11"]
[Round "2.9"]
[White "Lesniewski, Lucas"]
[Black "Faulkner, Charles"]
[Result "1-0"]
[WhiteElo "2025"]
[BlackElo "1720"]
[PlyCount "33"]
[EventDate "2022.??.??"]

1. d4 Nf6 2. Nf3 e6 3. c4 d5 4. Nc3 Bb4 5. cxd5 exd5 6. Bg5 O-O 7. e3 h6 8. Bh4
c6 9. Bd3 Nbd7 10. O-O Bxc3 11. bxc3 Re8 12. c4 Qc7 13. Qb3 Ne4 14. cxd5 Ndf6
15. Bxf6 gxf6 16. dxc6 Qxc6 17. Bb5 1-0

[Event "MI 2nd Shipman mem TNM: 1800+"]
[Site "San Francisco"]
[Date "2022.01.11"]
[Round "2.11"]
[White "Mercado, Adam"]
[Black "Dutter, Fredrick"]
[Result "1/2-1/2"]
[WhiteElo "1774"]
[BlackElo "1900"]
[PlyCount "95"]
[EventDate "2022.??.??"]

1. e4 Nf6 2. e5 Nd5 3. d4 d6 4. c4 Nb6 5. Nf3 g6 6. Nc3 Bg7 7. Be2 Bg4 8. Bf4
Nc6 9. b3 O-O 10. Rc1 Bxf3 11. Bxf3 dxe5 12. dxe5 Nxe5 13. Bxe5 Qxd1+ 14. Nxd1
Bxe5 15. Bxb7 Rad8 16. Ke2 Rd4 17. Ne3 Rfd8 18. Rhd1 c5 19. Nc2 Rxd1 20. Rxd1
Rxd1 21. Kxd1 a5 22. g3 e6 23. f4 Bc3 24. Bc6 Kf8 25. Ke2 Ke7 26. Kd3 Bb2 27.
a3 Kd6 28. Be8 f6 29. b4 axb4 30. axb4 cxb4 31. Nxb4 Ba3 32. Kc3 Nd7 33. Bxd7
Kxd7 34. Nd3 Kc6 35. Kd4 Bf8 36. c5 Kb5 37. g4 Kc6 38. Kc4 Bh6 39. h4 Bf8 40.
Nb4+ Kc7 41. Kb5 h5 42. gxh5 gxh5 43. Na6+ Kc8 44. Kc6 Bh6 45. Nc7 Bxf4 46.
Nxe6 Bg3 47. Ng7 Bxh4 48. Nxh5 1/2-1/2

[Event "MI 2nd Shipman mem TNM: u1800"]
[Site "San Francisco"]
[Date "2022.01.11"]
[Round "2.6"]
[White "Reed, Paul"]
[Black "Barreyro, Romeo"]
[Result "1/2-1/2"]
[WhiteElo "1474"]
[BlackElo "1631"]
[PlyCount "141"]
[EventDate "2022.??.??"]

1. e4 d6 2. d4 g6 3. Nf3 Bg7 4. Bc4 Nf6 5. Nc3 O-O 6. Bg5 h6 7. Bf4 Nh5 8. Be3
c6 9. Qd2 Kh7 10. h3 b5 11. Bd3 Nf6 12. Rd1 Na6 13. a3 b4 14. Ne2 bxa3 15. bxa3
Rb8 16. O-O Ng8 17. e5 d5 18. Nh2 Nc7 19. f4 e6 20. Nf3 Ba6 21. Bxa6 Nxa6 22.
h4 Qe7 23. Qc1 Rb7 24. g4 Rfb8 25. Nc3 Rb2 26. Rd3 c5 27. Na4 R2b5 28. dxc5
Nxc5 29. Nxc5 Rxc5 30. Bxc5 Qxc5+ 31. Kg2 Bf8 32. h5 Ne7 33. Rh1 Rc8 34. Nd4
Nc6 35. hxg6+ fxg6 36. Nxe6 Qc4 37. Nxf8+ Rxf8 38. Rf1 Qe4+ 39. Kg3 d4 40. Qe1
Qd5 41. c3 Qc4 42. Qd2 Nxe5 43. Rd1 Nxd3 44. Qxd3 Qxd3+ 45. Rxd3 dxc3 46. Rxc3
Rf7 47. a4 Re7 48. f5 gxf5 49. gxf5 Kg7 50. Rc4 Kf6 51. Kf4 Rd7 52. Rc6+ Kg7
53. Ke5 h5 54. Ke6 Rf7 55. Rc4 Rf6+ 56. Ke5 Rf7 57. Rh4 Kh6 58. Ke6 Rb7 59. Rd4
Kg5 60. Rd6 Rb4 61. f6 Re4+ 62. Kf7 Rxa4 63. Kg7 Rf4 64. f7 Rxf7+ 65. Kxf7 h4
66. Ra6 h3 67. Rxa7 Kg4 68. Ke6 h2 69. Rh7 Kg3 70. Ke5 Kg2 71. Rxh2+ 1/2-1/2

[Event "MI 2nd Shipman mem TNM: u1800"]
[Site "San Francisco"]
[Date "2022.01.11"]
[Round "2.12"]
[White "Parsons, Stephen"]
[Black "Long, Matt"]
[Result "1-0"]
[WhiteElo "1629"]
[BlackElo "1519"]
[PlyCount "95"]
[EventDate "2022.??.??"]

1. c4 e6 2. Nc3 d5 3. d4 Nf6 4. Nf3 Be7 5. Bg5 h6 6. Bh4 O-O 7. e3 b6 (7...
Nbd7) (7... Ne4) 8. Bd3 dxc4 9. Bxc4 Bb7 10. O-O Ne4 11. Bxe7 Qxe7 12. Rc1 Nd7
13. Nd2 Nxc3 14. Rxc3 c5 15. Nf3 Rfd8 16. Qe2 Bxf3 17. Qxf3 cxd4 18. exd4 Nf6
19. Rd1 Nd5 20. Rcd3 Rac8 21. Bb3 Qg5 22. g3 Rc1 23. Kg2 Rxd1 24. Rxd1 g6 25.
h4 Qe7 26. a3 Qc7 27. Re1 h5 28. Re5 Ne7 29. Qf6 Qb7+ 30. Kh2 Nc6 {[#]} 31. d5
Nxe5 32. Qxd8+ Kg7 33. dxe6 Ng4+ 34. Kg1 Qf3 35. Qd4+ Kf8 36. Bd1 Qf6 37. Qb4+
Qe7 38. Qxe7+ Kxe7 39. Bxg4 hxg4 40. exf7 Kxf7 41. f3 gxf3 42. Kf2 Kf6 43. Kxf3
Kf5 44. g4+ Kf6 45. Ke4 Ke6 46. a4 a5 47. b3 Kd6 48. h5 1-0

[Event "MI 2nd Shipman mem TNM: u1800"]
[Site "San Francisco"]
[Date "2022.01.11"]
[Round "2.13"]
[White "Ginzberg, Adam"]
[Black "Vaidyanathan, Ashwin"]
[Result "0-1"]
[WhiteElo "1576"]
[BlackElo "1444"]
[PlyCount "118"]
[EventDate "2022.??.??"]

1. e4 e5 2. Nf3 d6 3. d4 Bg4 4. dxe5 Bxf3 5. gxf3 Nc6 6. Bb5 Qd7 7. Bf4 O-O-O
8. exd6 Bxd6 9. Bxd6 Qxd6 10. Qxd6 Rxd6 11. Nc3 Ne5 12. Ke2 Ne7 13. Rad1 Rf6
14. Rhg1 c6 15. Bd3 N7g6 16. Rg3 h5 17. f4 Rxf4 18. h3 h4 19. Re3 Rd8 20. f3
Rd6 21. Kf2 Nf8 22. Ne2 Rff6 23. f4 Ne6 24. f5 g6 25. Kg2 gxf5 26. exf5 Nc4 27.
Re4 Nxb2 28. fxe6 Rfxe6 29. Rxe6 fxe6 30. Rf1 Nxd3 31. cxd3 Rxd3 32. Rf2 e5 33.
Rf8+ Kc7 34. Re8 Re3 35. Nc1 Rg3+ 36. Kh2 Rc3 37. Ne2 Rc2 38. Rxe5 Rxa2 39. Re3
b5 40. Kg2 a5 41. Kf3 b4 42. Ke4 a4 43. Kd4 Rc2 44. Kd3 Rc5 45. Re4 Rb5 46. Kc2
c5 47. Rxh4 a3 48. Kb3 Rb8 49. Re4 Rd8 50. Rc4 Kb6 51. Rc2 Kb5 52. Nf4 Rd4 53.
Rf2 c4+ 54. Ka2 c3 55. Rf3 Rd2+ 56. Ka1 b3 57. Rd3 Ra2+ 58. Kb1 c2+ 59. Kc1
Ra1+ 0-1

[Event "MI 2nd Shipman mem TNM: u1800"]
[Site "San Francisco"]
[Date "2022.01.11"]
[Round "2.14"]
[White "Pagan Griso, Simone"]
[Black "Suarez, Sebastian"]
[Result "0-1"]
[WhiteElo "1329"]
[BlackElo "1565"]
[PlyCount "94"]
[EventDate "2022.??.??"]

1. d4 d5 2. c4 c6 3. Nf3 Nf6 4. cxd5 cxd5 5. Nc3 Nc6 6. Bf4 Qb6 $6 (6... Bf5) (
6... Nh5) (6... a6) 7. e3 (7. a3 $1 Qxb2 $4 8. Na4 Qb5 9. Bd2 $18) 7... Bf5 8.
Na4 Qa5+ 9. Nc3 e6 10. a3 Ne4 11. Qb3 Nb4 12. Bb5+ Kd8 13. O-O Nxc3 14. axb4
Qxb5 15. bxc3 Bd3 16. Rfe1 f6 17. Ra5 {[#]} Qb6 $2 $18 (17... Qc4 18. Qb2 b6
$11) 18. Nd2 Bd6 19. Bxd6 Qxd6 20. c4 (20. e4 $1 $18) 20... Bxc4 21. Nxc4 dxc4
22. Qxc4 Ke7 23. Rc5 Rhd8 $18 24. Rc7+ $6 (24. Qc2 h6 25. Rc1 (25. Qg6)) 24...
Rd7 25. Rc1 Rad8 26. Rxd7+ Qxd7 27. Qc5+ Qd6 28. Qc7+ $4 (28. Qxa7 Qxb4 29. h3
$16) 28... Qxc7 $17 29. Rxc7+ Rd7 30. Rc8 Kd6 (30... e5 $1) 31. Kf1 Rc7 32.
Rxc7 $2 (32. Rh8 h6 33. Ke2) 32... Kxc7 $19 {[#]} 33. Ke2 Kc6 34. Kd3 Kb5 35.
Kc3 f5 (35... b6 36. g4 g6 37. h4 h5 38. gxh5 gxh5 39. e4 a5) 36. f3 b6 37. e4
fxe4 38. fxe4 {[#]} a5 $2 {Too soon.} 39. bxa5 bxa5 $11 {[#]} 40. d5 $4 (40.
Kb3 $11) 40... exd5 41. exd5 Kc5 42. Kb3 Kxd5 43. Ka4 Ke4 44. Kxa5 Ke3 45. Kb5
Kf2 46. g4 Kg2 47. Kc5 Kxh2 0-1

[Event "MI 2nd Shipman mem TNM: u1800"]
[Site "San Francisco"]
[Date "2022.01.11"]
[Round "2.18"]
[White "Ahrens, Richard"]
[Black "Casares Jr, Nick"]
[Result "0-1"]
[WhiteElo "1091"]
[BlackElo "1600"]
[PlyCount "70"]
[EventDate "2022.??.??"]

1. b3 e5 2. Bb2 Nc6 3. e3 a6 4. Nf3 e4 5. Nd4 Nxd4 6. Bxd4 c5 7. Bb2 d5 8. Nc3
Nf6 9. d4 Be7 10. Be2 O-O 11. O-O Be6 12. a4 Rc8 13. f3 cxd4 14. exd4 e3 15.
Qd3 Nh5 16. Qxe3 Bd6 17. Bd3 Qc7 18. Qg5 Bxh2+ 19. Kf2 Bg3+ 20. Kg1 Nf6 21. f4
Ng4 22. Qe5 Nxe5 23. fxe5 Qe7 24. Ne2 Qg5 25. Rf3 Bh4 26. g3 f5 27. Bc1 f4 28.
Bxf4 Rxf4 29. Nxf4 Bxg3 30. Nxe6 Qh4 31. Bxh7+ Kxh7 32. Rxg3 Qxg3+ 33. Kf1 Qh3+
34. Kf2 Qxe6 35. Rc1 Qf5+ 0-1

[Event "MI 2nd Shipman mem TNM: u1800"]
[Site "San Francisco"]
[Date "2022.01.11"]
[Round "2.19"]
[White "Olson, David R"]
[Black "Chandramouli, Prasanna"]
[Result "0-1"]
[WhiteElo "1400"]
[BlackElo "1002"]
[PlyCount "80"]
[EventDate "2022.??.??"]

1. c4 e5 2. g3 Nf6 3. Nf3 Nc6 4. Bg2 Bc5 5. O-O O-O 6. e3 e4 7. Ne1 Re8 8. Nc3
a6 9. b3 d6 10. Bb2 Bg4 11. Qb1 Qe7 12. d4 Bb4 13. a3 Bxc3 14. Bxc3 Be2 15. Qb2
Bxf1 16. Kxf1 Rab8 17. b4 b5 18. c5 dxc5 19. bxc5 Nd5 20. Bd2 Qe6 21. Kg1 a5
22. Bf1 b4 23. a4 Nce7 24. Ng2 Nf6 25. Rc1 c6 26. Nf4 Qf5 27. Bh3 Ng4 28. Rf1
Ng6 29. f3 exf3 30. Rxf3 Re4 31. Qb1 Rbe8 32. Qf1 Nxf4 33. Rxf4 Rxf4 34. gxf4
Qg6 35. Qf3 Nxe3+ 36. Kf2 Nd5 37. Bf1 Qe4 38. Qxe4 Rxe4 39. Bg2 Rxd4 40. Bxd5
Rxd2+ 0-1

[Event "MI 2nd Shipman mem TNM: u1800"]
[Site "San Francisco"]
[Date "2022.01.11"]
[Round "2.20"]
[White "Stallworth, Deandre"]
[Black "Nichol, David"]
[Result "1/2-1/2"]
[WhiteElo "1294"]
[BlackElo "982"]
[PlyCount "71"]
[EventDate "2022.??.??"]

1. c4 Nf6 2. Nc3 e6 3. g3 c5 4. Bg2 d5 5. cxd5 exd5 6. Qb3 d4 7. Bxb7 Bxb7 8.
Qxb7 Nbd7 9. Nd5 Nxd5 10. Qxd5 Nf6 11. Qxd8+ Rxd8 12. d3 h6 13. Nf3 Bd6 14. Nd2
O-O 15. O-O Rfe8 16. Re1 Nd5 17. a3 Re6 18. Nc4 Rde8 19. e4 f5 20. Nxd6 Rxd6
21. Bd2 fxe4 22. dxe4 Nb6 23. b3 Rde6 24. f3 c4 25. bxc4 Nxc4 26. Bb4 a5 27.
Rec1 Ne5 28. f4 axb4 29. fxe5 bxa3 30. Rd1 Rd8 31. Rxa3 Rxe5 32. Rad3 Rxe4 33.
Rf1 Re3 34. Rxe3 dxe3 35. Re1 Re8 36. Kg2 1/2-1/2

[Event "MI 2nd Shipman mem TNM: u1800"]
[Site "San Francisco"]
[Date "2022.01.11"]
[Round "2.21"]
[White "Chanoff, Eli"]
[Black "Fairchild, Jp"]
[Result "0-1"]
[WhiteElo "993"]
[BlackElo "1229"]
[PlyCount "92"]
[EventDate "2022.??.??"]

1. e4 c5 2. Nf3 Nc6 3. Bb5 e6 4. O-O Nf6 5. Re1 d5 6. Ne5 Qc7 7. exd5 Nxd5 8.
Qf3 Bd6 {[#]} 9. Nxf7 Qxf7 10. Qxd5 O-O 11. Qe4 Qxf2+ 12. Kh1 Nd4 13. Bd3 Nf5
$2 (13... Rf5 $1 $19 {is best of any move keeping the f-file going. Black is
close to mate!}) 14. Rf1 {[#]} Qh4 $2 (14... Qg3 $1 15. hxg3 Nxg3+ 16. Kg1
Rxf1+ 17. Bxf1 Nxe4 $19) 15. Qxh4 Nxh4 16. Rxf8+ Kxf8 17. Nc3 (17. a4 $14) (17.
Be4 $14) 17... a6 $6 18. Be4 (18. Bxh7) 18... g6 19. d3 Nf5 20. g4 Nd4 21. Bh6+
Ke7 22. Rf1 Bd7 23. Bxb7 Bc6+ 24. Bxc6 Nxc6 25. Ne4 Ne5 26. Nxd6 Kxd6 27. Bf4
Kd5 28. h3 Nc6 29. Bg5 Ra7 30. Rf3 Nd4 31. c4+ Kc6 32. Rf6 Rb7 33. b3 Kd6 34.
Bf4+ Ke7 35. Be5 Nc6 36. Bb2 Rd7 37. Rf3 Nb4 38. d4 cxd4 39. Ba3 a5 40. Bxb4+
axb4 41. Rd3 e5 42. Kg2 e4 43. Rd1 Ke6 44. Kg3 Ke5 45. g5 Rf7 46. Kg2 d3 0-1

[Event "MI 2nd Shipman mem TNM: Extra Games"]
[Site "San Francisco"]
[Date "2022.01.11"]
[Round "2"]
[White "Lardent, Ranen"]
[Black "Carron, Joel"]
[Result "1-0"]
[WhiteElo "1827"]
[BlackElo "1671"]
[PlyCount "91"]
[EventDate "2022.??.??"]

1. c4 e6 2. e4 d5 3. cxd5 exd5 4. exd5 Nf6 5. Bb5+ Nbd7 6. Nc3 a6 7. Bc4 Ne5 8.
d3 Qe7 9. Nge2 Bg4 10. O-O O-O-O 11. Bf4 g6 12. Re1 Nh5 13. Bxe5 Qxe5 14. Qa4
Bd6 15. Ng3 Bd7 16. Qa5 Qd4 17. Nce4 Bf8 18. Rac1 Qb6 19. Qxb6 cxb6 20. Nxh5
gxh5 21. Ng5 Bh6 22. f4 Bxg5 23. fxg5 Kb8 24. Re7 Be8 25. Rce1 Rg8 26. h4 Rf8
27. Kh2 Bd7 28. Rf1 Be8 29. Rf6 Rd7 30. d6 Kc8 {[#]} 31. Be6 fxe6 32. Rxf8 Rxe7
33. dxe7 Kd7 34. Rf6 Kxe7 35. Kg3 Bg6 36. d4 Kd6 37. Kf4 Kd5 38. Ke3 b5 39. Rf8
Kd6 40. Kf4 Kd7 41. Ke5 Bf5 42. Rf7+ Kc6 43. d5+ Kc5 44. Rxf5 exf5 45. d6 Kc6
46. Ke6 1-0

[Event "MI 2nd Shipman mem TNM: Extra Games"]
[Site "San Francisco"]
[Date "2022.01.11"]
[Round "2"]
[White "Maliev, Anton"]
[Black "Starr, Albert"]
[Result "1-0"]
[WhiteElo "1429"]
[BlackElo "1522"]
[PlyCount "103"]
[EventDate "2022.??.??"]

1. e4 e5 2. Nf3 Nf6 3. Nxe5 d6 4. Nf3 Nxe4 5. Qe2 Qe7 6. d3 Nf6 7. Qxe7+ Bxe7
8. c4 O-O 9. Nc3 c6 10. Bg5 h6 11. Bh4 Re8 12. O-O-O Bg4 13. Be2 Nbd7 14. h3
Bh5 15. g4 Bg6 16. Nd4 Nh7 17. Bxe7 Rxe7 18. f4 f6 19. f5 Bf7 20. Nf3 Ne5 21.
Nxe5 Rxe5 22. d4 Re7 23. b3 Rae8 24. Kd2 Ng5 25. Rde1 Ne4+ 26. Nxe4 Rxe4 27.
Kd3 d5 28. c5 Re3+ 29. Kd2 R8e4 30. Bd3 Rxe1 31. Rxe1 Rxe1 32. Kxe1 Kf8 33. Kd2
Ke7 34. Kc3 b6 35. cxb6 axb6 36. Kb4 Kd6 37. a4 Be8 38. a5 c5+ 39. dxc5+ bxc5+
40. Kc3 Bc6 41. b4 c4 42. Bc2 Ke5 43. a6 Kd6 44. Kd4 Kc7 45. Kc5 c3 46. b5 Ba8
47. b6+ Kb8 48. b7 Bxb7 49. axb7 Kxb7 50. Kxd5 Kc7 51. Kd4 Kd6 52. Ba4 1-0

[Event "MI 2nd Shipman mem TNM: Extra Games"]
[Site "San Francisco"]
[Date "2022.01.11"]
[Round "2"]
[White "Cao, Danny"]
[Black "Anderson, Benjamin"]
[Result "0-1"]
[WhiteElo "1142"]
[BlackElo "1172"]
[PlyCount "48"]
[EventDate "2022.??.??"]

1. Nf3 f5 2. g3 e6 3. c4 Nf6 4. Bg2 Be7 5. O-O O-O 6. Nc3 d6 7. d3 e5 8. e4 Qe8
9. exf5 Bxf5 10. Re1 Nc6 11. Ne4 Nxe4 12. dxe4 Bg4 13. Qd5+ Kh8 14. Re3 Qh5 15.
Nd2 Nb4 16. Qxb7 Nc2 17. Qxc7 Qf7 18. Nf3 Nxa1 19. Rc3 Nc2 20. Rxc2 Bxf3 21.
Bxf3 Qxf3 22. Qxe7 Qd1+ 23. Kg2 Qxc2 24. Be3 Qxe4+ 0-1

[Event "MI 2nd Shipman mem TNM: Extra Games"]
[Site "San Francisco"]
[Date "2022.01.11"]
[Round "2"]
[White "Lamstein, Joshua"]
[Black "Talamantez, Abel"]
[Result "1-0"]
[WhiteElo "1605"]
[BlackElo "1804"]
[PlyCount "79"]
[EventDate "2022.??.??"]

1. d4 Nf6 2. c4 e6 3. Nc3 d5 4. Nf3 c6 5. Bg5 Be7 6. e3 O-O 7. Bd3 h6 8. Bh4
Nbd7 9. O-O b6 10. Rc1 Bb7 11. cxd5 exd5 12. Bb1 Ne4 13. Bg3 Nxg3 14. hxg3 f5
15. a3 g6 16. Kh2 Nf6 17. Ne5 Kg7 18. Ne2 Ng4+ 19. Nxg4 fxg4 20. Nf4 Rxf4 21.
exf4 h5 22. Qd3 Qd6 23. Rfe1 Bd8 24. Re8 Bh4 25. Rxa8 Bxa8 26. f5 Bg5 27. Re1
h4 28. Re6 hxg3+ 29. fxg3 Qd8 30. Rxg6+ Kf7 31. Qe2 Qh8+ 32. Kg1 Qxd4+ 33. Kf1
Be3 34. Re6 Bg5 35. Rg6 Be3 36. Rxg4 Qc5 37. Bc2 Bb7 38. b4 Qc3 39. Qd3 Qa1+
40. Ke2 $138 {time} 1-0